| 000 | 00923nam a2200313Ia 4500 | ||
|---|---|---|---|
| 008 | 170712s9999 xx 000 0 und d | ||
| 020 | _a9622582257 | ||
| 050 | _a959.9 | ||
| 050 | _bK191 1998 | ||
| 245 | 4 | _aThe earliest Filipinos / | |
| 245 | _cby Fr. Gabriel S. Casal, Eusebio Z. Dizon, Wilfredo P. Ronguillo and Cecilio G. Salcedo. | ||
| 260 | _aPhilippines : | ||
| 260 | _bAsia Publishing Company Limited, | ||
| 260 | _c1998 | ||
| 300 | _a303 pages : | ||
| 300 | _bcolor illustrations ; | ||
| 300 | _c29cm. | ||
| 440 | _aKasaysayan : the story of the Filipino people ; | ||
| 440 | _v2 | ||
| 500 | _aIncludes bibliographic reference and index. | ||
| 650 | _aCivilization. | ||
| 650 | _aDizon,Eusebio Z. | ||
| 650 | _aEthnology -- | ||
| 650 | _aPhilippines -- | ||
| 650 | _xCivilization. | ||
| 650 | _xPhilippines. | ||
| 650 | _xRonguillo, Wilfredo P. | ||
| 700 | _aSalcedo, Cecilio G. | ||
| 999 |
_c340458 _d340458 |
||